| 000 | 00986nam a2200289 a 4500 | ||
|---|---|---|---|
| 001 | 58701 | ||
| 003 | BD-RjUL | ||
| 005 | 20211209080641.0 | ||
| 008 | 161219s2001 us a|||| |||| 001 0 eng d | ||
| 020 | _a1840640472 | ||
| 035 | _a(BD-RjUL)58825 | ||
| 040 |
_aBD-RjUL _beng _cBD-RjUL _dBD-RjUL |
||
| 041 | _aeng | ||
| 082 |
_223 _a333.91 _bECO 2001 |
||
| 245 | 4 | 0 |
_aThe economic value of water quality / _cJohn C Bergstrom, Kevin J Boyle and Gregory L Poe |
| 260 |
_aCheltenham : _bEdward Elgar, _cc2001 |
||
| 300 |
_axiv, 173 p. : _bill. ; _c23 cm. |
||
| 490 | _aNew horizons in environmental economics | ||
| 500 | _aIncludes index | ||
| 650 |
_aWater-supply _vEconomic aspects _zUnited States. _9174478 |
||
| 650 |
_aDrinking water _vEconomic aspects _zUnited States. _9174503 |
||
| 700 |
_a Bergstrom, John C. _9174479 |
||
| 700 |
_a Boyle, Kevin J. _9174480 |
||
| 700 |
_a Poe, Gregory L. _9174481 |
||
| 830 |
_aNew horizons in environmental economics _9174507 |
||
| 942 |
_2ddc _cBK |
||
| 999 |
_c58701 _d58701 |
||